| 000 | 00367 a2200145 4500 | ||
|---|---|---|---|
| 999 |
_c12441 _d12441 |
||
| 003 | OSt | ||
| 005 | 20240116120931.0 | ||
| 008 | 240116b ||||| |||| 00| 0 eng d | ||
| 020 | _a9783035626506 | ||
| 082 | _a307 | ||
| 100 | _aAlbert Kirchengast | ||
| 245 | _aContinued Building on the Village, the Settlement, the City | ||
| 260 |
_bBirkhauser _c2023 |
||
| 942 | _2ddc | ||